BD - Les 15 meilleurs albums de Tintin - Statistiques

Statistiques générales
  • Ce quiz a été pris 109 fois
  • Le résultat moyen est 2 sur 15
Statistiques - réponses
Hint Extra Hint Réponse % Correct
On a marché sur la Lune 1954 1
48%
Le secret de la Licorne 1943 2
32%
Vol 714 pour Sydney 1968 15
20%
Les 7 boules de cristal 1948 5
16%
Le Sceptre d'Ottokar 1947 13
13%
Tintin au Tibet 1960 3
12%
Les cigares du pharaon 1955 9
9%
L'ïle noire 1943 10
7%
L'Etoile mystérieuse 1942 14
7%
Le trésor de Rackham le Rouge 1945 4
7%
Objectif Lune 1953 7
7%
Le Lotus bleu 1946 6
6%
Le Temple du Soleil 1949 8
6%
Le Crabe aux pinces d'or 1943 11
4%
L'Affaire Tournesol 1956 12
4%
Aucun quiz correspondant
Distribution des résultats
% des personnes avec chaque résultat
Percentile par nombre de réponses
Votre historique - résultats
Vous n’avez pas pris ce quiz